| 000 | 00388 a2200133 4500 | ||
|---|---|---|---|
| 001 | 87655 | ||
| 082 | _aPR 32 | ||
| 090 |
_c41113 _d41113 |
||
| 100 | _aShoaib Khalil, Plt Off 15486 70(B) EC | ||
| 245 | _aArtificial Immune system based security for manets | ||
| 260 |
_aRisalpur _bCAE PAF Academy Risalpur _c2011 |
||
| 300 |
_axii, 64p _eNauman Mazhar, Wg Cdr |
||
| 500 | _aBE Project Reports | ||
| 942 |
_aCAE NUST _kPR 32 |
||
| 999 |
_c322728 _d322728 |
||